| 000 | 00964nam a2200277 i 4500 | ||
|---|---|---|---|
| 001 | bg | ||
| 100 | 1 | _aJANISZOWSKI, Krzysztof | |
| 245 | 1 | 0 |
_aIdentyfikacja modeli parametrycznych w przykładach / _cKrzysztof Janiszowski. |
| 260 |
_aWarszawa : _b"Exit", _c2002. |
||
| 300 |
_awiele liczb. : _bil. ; _c24 cm + _eCD ROM. |
||
| 490 | 1 | _aProblemy Współczesnej Nauki : teoria i zastosowania. Automatyka i Informatyka | |
| 504 | _aBibliogr. - Indeks. | ||
| 650 | 9 |
_aModele _xstosowanie |
|
| 650 | 9 |
_aSterowanie _xteoria |
|
| 650 | 9 | _aSymulacja | |
| 650 | 9 |
_aIDCAD _xstosowanie |
|
| 830 | 0 |
_aProblemy Współczesnej Nauki : teoria i zastosowania. _pAutomatyka i Informatyka |
|
| 020 | _a838767432X | ||
| 040 | _cBPK | ||
| 041 | 0 | _apl | |
| 080 | _a62-5:519.87:519.7:004.42 | ||
| 920 | _a83-87674-32-X | ||
| 942 | _cKS | ||
| 008 | s pl f |000 0 pol | ||
| 999 |
_c40763 _d40763 |
||
| 856 |
_uhttp://koha.tu.koszalin.pl/cgi-bin/koha/opac-detail.pl?biblionumber=40763 _yKatalog online BPK |
||